|
|
|
|
| LEADER |
00000nab a2200000 ar4500 |
| 001 |
vtls009350867 |
| 003 |
SK-MaSNL |
| 005 |
20260304152101.0 |
| 008 |
250506c2008 xo ur|p|||||||000 b|slo |
| 015 |
|
|
|a SNBRB2008/10
|2 snkbucl
|
| 035 |
|
|
|a (sysno)vtls009350867
|
| 035 |
|
|
|a urn:nbn:sk:snk-ab79ub
|
| 035 |
|
|
|a (uuid)7d33492f-83b3-4311-8e36-1745577d0a48
|
| 035 |
|
|
|a (urnnbn)urn:nbn:sk:snk:ar-a07c6o
|
| 038 |
|
|
|a SNKBUCL
|
| 040 |
|
|
|a SNKBUCL
|b slo
|c SNKBUCL
|e AACR2
|
| 041 |
0 |
|
|a ger
|b eng
|
| 044 |
|
|
|a xo
|c SK
|
| 080 |
|
|
|a 336.717.13
|x (4)
|2 2001
|
| 100 |
1 |
|
|a Gschwandtner, Wolfgang
|4 aut
|9 1474061
|
| 245 |
1 |
0 |
|a Eckpunkte der amerikanischen Scheckzahlung und des Einzugsverfahrens in Europa
|c Wolfgang Gschwandtner
|
| 246 |
3 |
1 |
|a Basic conditions of the American check payment and direct debit payment in Europe
|
| 300 |
|
|
|b Tab.
|
| 504 |
|
|
|a Bibliogr. odkazy
|
| 546 |
|
|
|a Súbežný názov angl. ; res. angl.
|
| 650 |
0 |
7 |
|a platobný styk
|2 snkbucl
|9 3664
|
| 650 |
0 |
7 |
|a šeky
|2 snkbucl
|9 309321
|
| 651 |
|
7 |
|a Európa
|2 snkbucl
|9 167569
|
| 773 |
0 |
|
|t Ekonómia a podnikanie = Economics and Business
|g Roč. 2., č. 1 (2008), s. 76-82
|x 1337-4990
|
| 850 |
|
|
|a Slovenská národná knižnica
|
| 852 |
|
|
|a Slovenská národná knižnica
|
| 958 |
|
|
|a article27
|
| 958 |
|
|
|a NB
|
| 958 |
|
|
|a OND
|
| 958 |
|
|
|a EUIPO
|
| 999 |
|
|
|c 2947145
|d 2949075
|